Leading with Jesus : (Record no. 9887)

MARC details
000 -LEADER
fixed length control field 00508nam a22001697a 4500
003 - CONTROL NUMBER IDENTIFIER
control field GBCCL
005 - DATE AND TIME OF LATEST TRANSACTION
control field 20241126110721.0
008 - FIXED-LENGTH DATA ELEMENTS--GENERAL INFORMATION
fixed length control field 230818b ||||| |||| 00| 0 eng d
020 ## - INTERNATIONAL STANDARD BOOK NUMBER
International Standard Book Number 9627415014
040 ## - CATALOGING SOURCE
Transcribing agency GBC
082 ## - DEWEY DECIMAL CLASSIFICATION NUMBER
Classification number 262.1
Item number KRA
100 ## - MAIN ENTRY--PERSONAL NAME
Personal name Krallmann, Günter
9 (RLIN) 17194
245 ## - TITLE STATEMENT
Title Leading with Jesus :
Remainder of title a handbook on qualifications for spiritual leadership for individual and group study /
Statement of responsibility, etc. Günter Krallmann
260 ## - PUBLICATION, DISTRIBUTION, ETC.
Place of publication, distribution, etc. Hong Kong :
Name of publisher, distributor, etc. YWAM,
Date of publication, distribution, etc. ©1989
300 ## - PHYSICAL DESCRIPTION
Extent 103p. ;
942 ## - ADDED ENTRY ELEMENTS (KOHA)
Source of classification or shelving scheme Dewey Decimal Classification
Koha item type Books
Holdings
Withdrawn status Lost status Source of classification or shelving scheme Damaged status Not for loan Home library Current Library Shelving location Date acquired Total checkouts Full call number Barcode Date last seen Copy number Price effective from Koha item type
    Dewey Decimal Classification     GRACE BIBLE COLLEGE GRACE BIBLE COLLEGE Ministry & Mission 2023-08-18   262.1 KRA 020394 2025-05-01 c.1 2023-08-18 Books
© Grace Bible College Library 2025